000
00243 a2200097 4500
090
_c
3849
_d
3849
100
_a
Al Williams
245
_a
Active Server Pages Solutions
260
_a
Dreamtech Press
_b
New Delhi
_c
2000
942
_a
NBS
_c
BK
_k
005.13 WIL
999
_c
346312
_d
346312